| 000 | 00366nam a22001337a 4500 | ||
|---|---|---|---|
| 020 | _a8176350486 | ||
| 040 | _cNust | ||
| 082 |
_a005.7565 _bWHA |
||
| 100 |
_aEdward Whalen _9126094 |
||
| 245 | _aTeach Yourself Oracle 8 in 21 Days | ||
| 260 |
_aNew Delhi: _bTechmedia publishers, _c1998. |
||
| 650 |
_aTeach Yourself Oracle 8 in 21 Days _9126095 |
||
| 942 |
_2ddc _cBK |
||
| 999 |
_c611845 _d611845 |
||